[Event "Chigorin Memorial"]
[Site "St Petersburg RUS"]
[Date "2013.10.05"]
[Round "1.58"]
[White "Arslanov, Shamil"]
[Black "Solak, Rade"]
[Result "1-0"]
[WhiteTitle "IM"]
[WhiteElo "2405"]
[BlackElo "1977"]
[WhiteFideId "4192826"]
[BlackFideId "923591"]
[EventDate "2013.10.05"]

1. b3 b6 2. Bb2 Bb7 3. c4 e6 4. Nf3 Nf6 5. d3 d5 6. cxd5 exd5 7. g3 Bb4+ 8. Nbd2
O-O 9. Bg2 Nbd7 10. O-O Re8 11. Re1 Bf8 12. Qc2 c5 13. e4 d4 14. b4 Rc8 15. b5
Ng4 16. Bh3 h5 17. a4 a5 18. Nc4 Qf6 19. Qd1 Rcd8 20. Bc1 Be7 21. Bg5 Qg6 22.
Bf4 f6 23. Nh4 Qh7 24. Bxg4 hxg4 25. Qxg4 Bc8 26. Nf5 Kh8 27. Bc7 Ne5 28. Bxe5
fxe5 29. Nxe5 Kg8 30. Nc6 Bf8 31. Nxd8 Rxd8 32. Qg5 Re8 33. Nh4 Qh6 34. Qxh6
gxh6 35. f4 Be6 36. f5 Bb3 37. Ng6 Bd6 38. e5 Bc7 39. Ra3 Bf7 40. e6 Bxg6 41.
fxg6 Kg7 42. Ra2 Kxg6 43. e7 Kg7 44. Rae2 Kf7 45. Rf2+ Kg7 46. Re6 1-0

[Event "Chigorin Memorial"]
[Site "St Petersburg RUS"]
[Date "2013.10.05"]
[Round "1.59"]
[White "Kopasov, Evgeny"]
[Black "Aitbayev, Aslan"]
[Result "0-1"]
[BlackTitle "IM"]
[WhiteElo "1975"]
[BlackElo "2403"]
[WhiteFideId "4181239"]
[BlackFideId "13704613"]
[EventDate "2013.10.05"]

1. d4 d6 2. Nf3 g6 3. Bg5 Bg7 4. e4 c5 5. c3 Nd7 6. Nbd2 Ngf6 7. Bc4 cxd4 8.
cxd4 Nb6 9. Bb5+ Bd7 10. Bxd7+ Qxd7 11. O-O O-O 12. Qe2 Rac8 13. Rac1 h6 14. Be3
Na4 15. e5 Nd5 16. Ne4 Nxe3 17. Qxe3 Nxb2 18. Qa3 Nc4 19. Qb4 b5 20. a4 a5 21.
Qxb5 Qxb5 22. axb5 dxe5 23. dxe5 Nxe5 24. Nd4 Rxc1 25. Rxc1 Nd3 26. Rd1 Nb2 27.
Rd2 Bxd4 28. Rxd4 Rb8 29. Nc3 Rc8 30. Na2 Rc5 31. Rd8+ Kg7 32. Rb8 Na4 33. g3
Rc2 34. Ra8 Rxa2 35. Rxa5 Nc3 0-1

[Event "Chigorin Memorial"]
[Site "St Petersburg RUS"]
[Date "2013.10.05"]
[Round "1.60"]
[White "Borisenko, Andrei"]
[Black "Shagdurov, Denis"]
[Result "1-0"]
[WhiteTitle "IM"]
[WhiteElo "2401"]
[BlackElo "1967"]
[WhiteFideId "4120930"]
[BlackFideId "24136735"]
[EventDate "2013.10.05"]

1. e4 c6 2. Nf3 d5 3. Nc3 dxe4 4. Nxe4 Nf6 5. Ng3 Bg4 6. h3 Bxf3 7. Qxf3 Qd5 8.
Qb3 Qd7 9. d4 e6 10. Bg5 Qxd4 11. Qxb7 Qb4+ 12. Qxb4 Bxb4+ 13. c3 Bd6 14. O-O-O
Bxg3 15. fxg3 h6 16. Bf4 Nd5 17. Bd2 Nd7 18. Be2 Ne5 19. Rhe1 O-O 20. c4 Nb6 21.
b3 c5 22. Bc3 Nc6 23. Bf3 Rac8 24. Rd6 Ne7 25. g4 Rfd8 26. Red1 Rxd6 27. Rxd6
Kf8 28. a4 Ng6 29. a5 Na8 30. Rd7 a6 31. Kc2 Ke8 32. Ra7 Nc7 33. Bb7 Rb8 34.
Bc6+ Kd8 35. Bxg7 Ne7 36. Bf6 1-0

[Event "Chigorin Memorial"]
[Site "St Petersburg RUS"]
[Date "2013.10.05"]
[Round "1.61"]
[White "Chernov, Maksim"]
[Black "Tseitlin, Mark D"]
[Result "0-1"]
[BlackTitle "GM"]
[WhiteElo "1962"]
[BlackElo "2399"]
[WhiteFideId "24194280"]
[BlackFideId "2800128"]
[EventDate "2013.10.05"]

1. e4 d6 2. d4 g6 3. f4 Bg7 4. Nf3 Nf6 5. Bd3 O-O 6. O-O Nc6 7. e5 dxe5 8. dxe5
Nd7 9. Be3 Nb6 10. Nc3 Be6 11. Ng5 Bc4 12. Qe2 Bxd3 13. Qxd3 Qxd3 14. cxd3 Rfd8
15. Rad1 Nd5 16. Bc5 b6 17. Nxd5 Rxd5 18. Ba3 Bh6 19. Ne4 Rd7 20. g3 Rad8 21.
Nf2 Nd4 22. Bb4 f6 23. exf6 exf6 24. Kg2 f5 25. Bc3 Kf7 26. Bxd4 Rxd4 27. b3 Bf8
28. Rde1 Bc5 29. Re2 R4d5 30. Rfe1 R8d7 31. Rd1 Bxf2 32. Kxf2 Rxd3 33. Rxd3 Rxd3
34. Rc2 c5 35. Ke2 Rd4 36. Ke3 Ke6 37. Rc1 Kd5 38. Rc2 b5 39. Rc3 a5 40. Ke2 b4
41. Rc2 c4 42. Kf2 c3 43. Ke3 h5 44. Rf2 Rd1 45. Rc2 Rb1 46. Kd3 Rb2 0-1

[Event "Chigorin Memorial"]
[Site "St Petersburg RUS"]
[Date "2013.10.05"]
[Round "1.62"]
[White "Chashchev, Sergey"]
[Black "Fedoseeva, Valentina"]
[Result "1-0"]
[WhiteTitle "FM"]
[WhiteElo "2396"]
[BlackElo "1950"]
[WhiteFideId "4134516"]
[BlackFideId "4169875"]
[EventDate "2013.10.05"]

1. c4 Nf6 2. Nf3 e6 3. g3 b6 4. Bg2 Bb7 5. O-O c5 6. b3 Be7 7. Bb2 O-O 8. d4 Qc7
9. Nc3 d5 10. cxd5 Nxd5 11. Rc1 Rd8 12. Qc2 Nxc3 13. Qxc3 Bf6 14. Qc2 Nd7 15. b4
Rac8 16. dxc5 Bxb2 17. Qxb2 bxc5 18. bxc5 Nxc5 19. Rxc5 Qxc5 20. Qxb7 Rc7 21.
Qa6 Qc4 22. Qxc4 Rxc4 23. e3 Rc2 24. Ra1 Rdc8 25. Bf1 Rc1 26. Rxc1 Rxc1 27. Kg2
Rc2 28. a4 Ra2 29. Bb5 a6 30. Bxa6 Rxa4 31. Bf1 h5 32. h4 g6 33. Ng5 Rb4 34. f4
Kg7 35. e4 Rb2+ 36. Kf3 Rb3+ 37. Kf2 Rb4 38. e5 Rb2+ 39. Ke3 Rb3+ 40. Bd3 Rb4
41. Be4 Rb3+ 42. Kf2 Rc3 43. Kg2 Rc4 44. Kg1 Rc3 45. Kf2 Ra3 46. Bc6 Kf8 47. Ne4
Ra2+ 48. Kg1 Ra1+ 49. Kg2 Ra2+ 50. Kh3 Ke7 51. Nd6 Rd2 52. Bb5 Rd5 53. Be2 Rd2
54. Bf1 Kf8 55. Bg2 Ke7 56. Kh2 Ra2 57. Kg1 Ra1+ 58. Bf1 Ra2 59. Bb5 Rd2 60. Kf1
Rd5 61. Bc6 Rd2 62. Ke1 Rh2 63. Be8 Rg2 64. Bxf7 Rxg3 65. Kf2 Rg4 66. Kf3 Rg1
67. Bg8 Rg4 68. Ne4 Rxh4 69. Ng5 Rh1 70. Bxe6 Rf1+ 71. Ke3 h4 72. Bg4 Ra1 73.
Bf3 Ra2 74. Be4 Ra6 75. Kf3 Kf8 76. Kg4 Kg7 77. Kxh4 Rb6 78. Kg3 Rb3+ 79. Kf2
Ra3 80. Ke2 Rb3 81. Bd3 Ra3 82. Ke3 Ra4 83. Nf3 Rb4 84. Nh4 g5 85. Nf5+ Kf7 86.
Nd6+ Ke7 87. f5 g4 88. f6+ Ke6 89. Bf5+ Kxe5 90. f7 1-0

[Event "Chigorin Memorial"]
[Site "St Petersburg RUS"]
[Date "2013.10.05"]
[Round "1.63"]
[White "Lazarev, Alexander A."]
[Black "Baghdasaryan, Vahe"]
[Result "0-1"]
[BlackTitle "IM"]
[WhiteElo "1945"]
[BlackElo "2395"]
[WhiteFideId "34109452"]
[BlackFideId "13303139"]
[EventDate "2013.10.05"]

1. e4 c5 2. Nf3 e6 3. d4 cxd4 4. Nxd4 a6 5. c4 Nf6 6. Bg5 Qa5+ 7. Bd2 Qb6 8. Be3
Qxb2 9. Nd2 Bb4 10. Nc2 Bxd2+ 11. Qxd2 Nxe4 12. Qd3 Qe5 13. Be2 Qa5+ 14. Kf1 f5
15. f3 O-O 16. g4 Nc6 17. Kg2 Ne5 18. Qd4 Nc3 19. Qd2 fxg4 20. f4 b6 21. fxe5
Bb7+ 22. Kg1 Qxe5 23. Bd3 g3 24. h4 Ne4 25. Qg2 Rf2 26. Bxe4 Bxe4 27. Bxf2 Bxg2
28. Kxg2 gxf2 29. Rac1 Rf8 30. Rhf1 Qe4+ 31. Kh3 Rf3+ 32. Kg2 Qg4+ 33. Kh2 Rh3# 0-1

[Event "Chigorin Memorial"]
[Site "St Petersburg RUS"]
[Date "2013.10.05"]
[Round "1.64"]
[White "Ponomarev, Dmitry"]
[Black "Alieva, Alexandra"]
[Result "1-0"]
[WhiteTitle "IM"]
[WhiteElo "2395"]
[BlackElo "1940"]
[WhiteFideId "24112046"]
[BlackFideId "24133353"]
[EventDate "2013.10.05"]

1. d4 d5 2. c4 e6 3. Nc3 c6 4. Nf3 Nf6 5. Bg5 Be7 6. e3 Nbd7 7. Bd3 O-O 8. O-O
dxc4 9. Bxc4 b5 10. Bd3 a6 11. Qc2 h6 12. Bxf6 Nxf6 13. Ne4 Nxe4 14. Bxe4 Bb7
15. Ne5 Bd6 16. f4 Rc8 17. Nd3 Qe7 18. Rac1 a5 19. Nc5 Rfd8 20. g3 f5 21. Bg2
Bxc5 22. Qxc5 Qxc5 23. Rxc5 Rd5 24. Bxd5 exd5 25. a4 Ba6 26. Rfc1 bxa4 27. Rxc6
Rxc6 28. Rxc6 Bc4 29. Rc5 Kf7 30. Rxa5 Bb3 31. Kf2 Ke6 32. Ke1 1-0

[Event "Chigorin Memorial"]
[Site "St Petersburg RUS"]
[Date "2013.10.05"]
[Round "1.65"]
[White "Yakovlev, Yuri S."]
[Black "Nakar, Eylon"]
[Result "0-1"]
[BlackTitle "IM"]
[WhiteElo "1940"]
[BlackElo "2390"]
[WhiteFideId "4173929"]
[BlackFideId "2811111"]
[EventDate "2013.10.05"]

1. e4 e6 2. d4 d5 3. e5 c5 4. c3 Nc6 5. Nf3 Nge7 6. Bd3 cxd4 7. cxd4 Nf5 8. Be3
Be7 9. Nc3 g5 10. g4 Nxe3 11. fxe3 h5 12. Rg1 Bd7 13. Rc1 Qb6 14. gxh5 Qxb2 15.
Nb5 Nb4 16. Rb1 Qxa2 17. Nc7+ Kf8 18. Nxa8 Ba4 19. Qe2 Nxd3+ 20. Qxd3 Bc2 21.
Qd2 Bxb1 22. Qxa2 Bxa2 23. Nc7 Bc4 24. Nxg5 Rxh5 25. Ngxe6+ fxe6 26. Nxe6+ Kf7
27. Nf4 Rxh2 28. e4 Bb4+ 29. Kd1 Bb3+ 30. Kc1 Bd2+ 0-1

[Event "Chigorin Memorial"]
[Site "St Petersburg RUS"]
[Date "2013.10.05"]
[Round "1.66"]
[White "Nezad, Husein Aziz"]
[Black "Egorov, Daniil"]
[Result "1-0"]
[WhiteTitle "IM"]
[WhiteElo "2388"]
[BlackElo "1929"]
[WhiteFideId "12100293"]
[BlackFideId "24171956"]
[EventDate "2013.10.05"]

1. d4 Nf6 2. c4 g6 3. Nc3 Bg7 4. e4 d6 5. Nf3 O-O 6. Be2 e5 7. O-O Nc6 8. d5 Ne7
9. b4 a5 10. Ba3 Nd7 11. bxa5 Rxa5 12. Bb4 Ra8 13. a4 Bh6 14. Re1 f5 15. Bd3 Nf6
16. c5 fxe4 17. Nxe4 Nxe4 18. Bxe4 Bf5 19. Qd3 Bxe4 20. Rxe4 Nf5 21. a5 Qf6 22.
Bc3 Bg7 23. Rb1 Rab8 24. cxd6 cxd6 25. Rb6 Qe7 26. Bb4 Rbd8 27. Re2 Rd7 28. g3
Qf6 29. Nxe5 Re7 30. Bc3 Qg5 31. Bd2 Qh5 32. Nf3 Rxe2 33. Qxe2 Nxg3 34. hxg3
Rxf3 35. Qe6+ Kh8 36. Rxb7 Rf8 37. Qe7 Qe5 38. Qxe5 Bxe5 39. a6 Ra8 40. a7 Bd4
41. Rb8+ 1-0

[Event "Chigorin Memorial"]
[Site "St Petersburg RUS"]
[Date "2013.10.05"]
[Round "1.67"]
[White "Gantsevich, Aleksei"]
[Black "Zaitsev, Alexander"]
[Result "0-1"]
[BlackTitle "IM"]
[WhiteElo "1922"]
[BlackElo "2386"]
[WhiteFideId "24131610"]
[BlackFideId "4164490"]
[EventDate "2013.10.05"]

1. Nf3 Nf6 2. g3 d5 3. Bg2 c6 4. O-O Bg4 5. h3 Bh5 6. d3 Nbd7 7. Nbd2 e5 8. e4
Bd6 9. Re1 O-O 10. c3 Re8 11. Qc2 a5 12. a4 Qc7 13. Nh4 Rad8 14. Nf5 Bf8 15. Nf3
Nc5 16. g4 Bg6 17. N3h4 dxe4 18. dxe4 Nd3 19. Rd1 Nxc1 20. Raxc1 Nd7 21. Bf1 Bc5
22. Bc4 Nf8 23. Rxd8 Rxd8 24. Rd1 Kh8 25. Rd2 Be7 26. Nf3 f6 27. N3h4 Bc5 28.
Qd1 Rd7 29. Ba2 Rxd2 30. Qxd2 Qd7 31. Qxd7 Nxd7 32. Nxg6+ hxg6 33. Nh4 g5 34.
Nf3 Bd6 35. Bb1 Nc5 36. Bc2 Ne6 37. h4 gxh4 38. Nxh4 Nf4 39. Kf1 Bc5 40. Ng2 Nh3
41. f3 Kg8 42. Ne1 Kf8 43. Nd3 Bb6 44. Kg2 Ng5 45. b3 Ke7 46. Nb2 Kd6 47. Kg3
Ne6 48. Bd3 Kc5 49. Bc4 Nf4 50. Nd3+ Nxd3 51. Bxd3 Kd6 52. f4 Be3 53. fxe5+ Kxe5
54. Kf3 Bd2 55. b4 axb4 56. cxb4 Kd4 57. Ke2 Bxb4 58. Bc2 Kc3 59. Bd1 Bc5 60.
Kf3 b5 61. axb5 cxb5 62. Kf4 g5+ 63. Kf5 Bd4 64. Ke6 b4 65. Kd5 Be5 0-1

[Event "Chigorin Memorial"]
[Site "St Petersburg RUS"]
[Date "2013.10.05"]
[Round "1.68"]
[White "Pasiev, Rakhim"]
[Black "Glazov, Anatoly"]
[Result "1-0"]
[WhiteTitle "IM"]
[WhiteElo "2385"]
[BlackElo "1900"]
[WhiteFideId "24122475"]
[BlackFideId "4192281"]
[EventDate "2013.10.05"]

1. e4 c5 2. Nf3 Nc6 3. d4 cxd4 4. Nxd4 Nf6 5. Nc3 e5 6. Ndb5 d6 7. Bg5 a6 8. Na3
Be7 9. Bxf6 Bxf6 10. Nc4 Nd4 11. Nd5 b5 12. Ncb6 Rb8 13. Nxc8 Rxc8 14. c3 Nc6
15. a4 Rb8 16. axb5 axb5 17. Ra6 Qc8 18. Bxb5 Rxb5 19. Qa4 Rxb2 20. Ra8 Rb8 21.
Rxb8 Qxb8 22. Qxc6+ Kf8 23. O-O Bd8 24. Qd7 g5 25. Rd1 h5 26. Ne3 Rh6 27. Nf5
Rf6 28. Nxd6 Qc7 29. Qe8+ Kg7 30. Nf5+ Rxf5 31. Rxd8 1-0

[Event "Chigorin Memorial"]
[Site "St Petersburg RUS"]
[Date "2013.10.05"]
[Round "1.69"]
[White "Sedykh, Egor"]
[Black "Akkozov, Berik"]
[Result "0-1"]
[BlackTitle "FM"]
[WhiteElo "1899"]
[BlackElo "2384"]
[WhiteFideId "24176320"]
[BlackFideId "13704214"]
[EventDate "2013.10.05"]

1. d4 e6 2. c4 b6 3. Nf3 Bb7 4. g3 f5 5. Bg2 Bb4+ 6. Bd2 Bxd2+ 7. Qxd2 Nf6 8.
O-O O-O 9. Nc3 d6 10. Qc2 Qe8 11. Nd2 Bxg2 12. Kxg2 Qh5 13. Qd3 Nc6 14. h3 Nb4
15. Qb1 c5 16. Nf3 Rae8 17. dxc5 bxc5 18. a3 Nc6 19. Qd3 Rd8 20. Qe3 e5 21. Qg5
Qf7 22. Qxf5 Qxc4 23. Qd3 Qxd3 24. exd3 Rb8 25. Rab1 Rb7 26. Na4 Rb3 27. Rbd1
Nd4 28. Ng5 c4 29. Ne4 cxd3 30. Nxd6 Rd8 31. Nc4 e4 32. Nc5 Rb5 33. b4 Nc2 34.
Nb3 Nd5 35. Nc5 Nc3 36. Rd2 Rd4 37. Ne3 Nxa3 38. Ne6 Rdxb4 39. Ra1 Ra4 40. Nf4
Nc4 41. Rxa4 Nxe3+ 42. fxe3 Nxa4 43. Kf2 Nc3 44. Ne6 a5 45. Nd4 Rb1 0-1

[Event "Chigorin Memorial"]
[Site "St Petersburg RUS"]
[Date "2013.10.05"]
[Round "1.70"]
[White "Solovjov, Sergey I."]
[Black "Shpakovsky, Kirill"]
[Result "1-0"]
[WhiteTitle "IM"]
[WhiteElo "2381"]
[BlackElo "1891"]
[WhiteFideId "4122780"]
[BlackFideId "4168852"]
[EventDate "2013.10.05"]

1. e4 c6 2. d4 d5 3. f3 e6 4. Nc3 b6 5. Be3 Bb4 6. Ne2 Ba6 7. Qd2 Ne7 8. O-O-O
O-O 9. a3 Bxc3 10. Nxc3 Bxf1 11. Rhxf1 Nd7 12. h4 Rc8 13. h5 c5 14. h6 g6 15.
exd5 exd5 16. dxc5 Nxc5 17. Kb1 Re8 18. Bg5 Ne6 19. Bxe7 Qxe7 20. Nxd5 Qd8 21.
Qe3 Nc7 22. Qd4 Ne6 23. Nf6+ Kh8 24. Qe5 Qc7 25. Qxc7 Nxc7 26. Nxe8 Rxe8 27. Rd7
Ne6 28. Rxf7 1-0

[Event "Chigorin Memorial"]
[Site "St Petersburg RUS"]
[Date "2013.10.05"]
[Round "1.71"]
[White "Zakharov, Yuri"]
[Black "Vavulin, Maksim"]
[Result "0-1"]
[WhiteElo "1891"]
[BlackElo "2377"]
[WhiteFideId "4166620"]
[BlackFideId "4169530"]
[EventDate "2013.10.05"]

1. Nf3 g6 2. g3 Bg7 3. Bg2 e5 4. d3 Nc6 5. O-O f5 6. e4 fxe4 7. dxe4 Nf6 8. Bg5
h6 9. Bxf6 Qxf6 10. Nc3 O-O 11. Nd5 Qd8 12. Nh4 g5 13. Nf5 d6 14. Qd3 Be6 15. c3
Qd7 16. g4 Rae8 17. Rad1 Nd8 18. b3 Nf7 19. Nde3 Nh8 20. Bf3 Ng6 21. c4 Nf4 22.
Qd2 Rf7 23. Qa5 Qc6 24. Nd5 a6 25. Nxf4 exf4 26. Rd3 Qc5 27. Qxc5 dxc5 28. Rfd1
Kh7 29. Rd8 Rxd8 30. Rxd8 Bf6 31. Rd3 b5 32. cxb5 axb5 33. Rd2 Bc3 34. Rc2 b4
35. Be2 Rd7 36. Kg2 Kg6 37. Bb5 Rd1 38. Be8+ Kf6 39. Nxh6 c4 40. bxc4 Bxc4 41.
h3 Bf1+ 42. Kh2 Bd3 0-1

[Event "Chigorin Memorial"]
[Site "St Petersburg RUS"]
[Date "2013.10.05"]
[Round "1.72"]
[White "Ovod, Evgenija"]
[Black "Aleksandrov, Grigoriy"]
[Result "1-0"]
[WhiteTitle "IM"]
[WhiteElo "2373"]
[BlackElo "1890"]
[WhiteFideId "4131827"]
[BlackFideId "24199656"]
[EventDate "2013.10.05"]

1. d4 Nf6 2. c4 e6 3. Nc3 d5 4. Bg5 Be7 5. Nf3 O-O 6. Qc2 h6 7. Bxf6 Bxf6 8.
O-O-O b6 9. e4 dxe4 10. Qxe4 c6 11. Ne5 Bxe5 12. dxe5 Qe7 13. Bd3 g6 14. h4 Bb7
15. h5 c5 16. Qe3 g5 17. Bc2 Nc6 18. Qd3 f5 19. exf6 Rxf6 20. Ne4 Rf7 21. Nd6
Rg7 22. Nxb7 Qxb7 23. Qe4 Nd8 24. Rd6 Rb8 25. Qxb7 Rgxb7 26. Rhd1 Nf7 27. Rxe6
b5 28. cxb5 Rxb5 29. Rd7 R5b7 30. Ree7 Rxd7 31. Rxd7 Ne5 32. Rxa7 Ng4 33. Bh7+
Kf8 34. Bg6 Rb6 35. Rf7+ Kg8 36. Rf5 c4 37. Bf7+ Kg7 38. Bxc4 Nf6 39. a4 Nxh5
40. a5 Rc6 41. b3 Nf4 42. a6 1-0

[Event "Chigorin Memorial"]
[Site "St Petersburg RUS"]
[Date "2013.10.05"]
[Round "1.73"]
[White "Mamyrbay, Assad"]
[Black "Kozionov, Kirill"]
[Result "0-1"]
[BlackTitle "FM"]
[WhiteElo "1888"]
[BlackElo "2368"]
[WhiteFideId "13708880"]
[BlackFideId "24101729"]
[EventDate "2013.10.05"]

1. e4 Nf6 2. e5 Nd5 3. d4 d6 4. c4 Nb6 5. Nf3 Bg4 6. exd6 exd6 7. Be2 Be7 8. O-O
O-O 9. Nc3 Nc6 10. b3 Bf6 11. Be3 Re8 12. h3 Bh5 13. Rc1 Bg6 14. Bd3 d5 15. c5
Nc8 16. Bxg6 hxg6 17. b4 a6 18. Qb3 N8e7 19. Rfd1 Qd7 20. Bf4 Nd8 21. Ne5 Bxe5
22. Bxe5 Ne6 23. b5 axb5 24. Nxb5 Nc6 25. Nc3 Red8 26. Nb5 Ra5 27. Bg3 Rda8 28.
Rd2 Ra4 29. Nc3 Ra3 30. Qxd5 Rxc3 31. Qxd7 Rxc1+ 32. Kh2 Rd8 33. Qxd8+ Ncxd8 34.
d5 Nxc5 35. Re2 Nde6 36. dxe6 Nxe6 37. Rb2 b6 38. a4 Kf8 39. Ra2 Rc5 40. f3 Ra5
41. Rc2 Ra7 42. Be5 Ke8 43. g4 Kd7 44. Rc4 c5 45. h4 Kc6 46. Bc3 b5 47. axb5+
Kxb5 48. Re4 Ra3 49. Rxe6 Rxc3 50. Re7 Rxf3 0-1

[Event "Chigorin Memorial"]
[Site "St Petersburg RUS"]
[Date "2013.10.05"]
[Round "1.74"]
[White "Akhmetov, Ayan"]
[Black "Mokshanov, Igor"]
[Result "1-0"]
[WhiteElo "2368"]
[BlackElo "1888"]
[WhiteFideId "13703706"]
[BlackFideId "24121665"]
[EventDate "2013.10.05"]

1. c4 e5 2. g3 Nf6 3. Bg2 Nc6 4. Nc3 Bb4 5. d3 Bxc3+ 6. bxc3 O-O 7. Nf3 e4 8.
Nd4 exd3 9. exd3 Nxd4 10. cxd4 Re8+ 11. Be3 d5 12. O-O h6 13. Qb3 c6 14. Rfe1 b6
15. Bf4 Be6 16. c5 b5 17. Bd6 a5 18. a3 Qd7 19. Qc3 a4 20. f3 Bf5 21. Re5 Bg6
22. Rae1 Kh7 23. g4 Ng8 24. Kf2 f6 25. Rxe8 Rxe8 26. Rxe8 Qxe8 27. f4 h5 28. h3
Nh6 29. f5 Bf7 30. Bf3 g5 31. Qa5 h4 32. Qa7 Kh8 33. Qb7 Ng8 34. Qc7 Nh6 35. Qa7
Ng8 36. Be2 Nh6 37. Qc7 Ng8 38. Ke1 Kg7 39. Kd2 Nh6 40. Bf3 Kh8 41. Be5 Ng8 42.
Kc3 Kg7 43. Kb4 Ne7 44. Bxf6+ Kf8 45. Qd6 Bg8 46. Bxg5 Kf7 47. Qf6# 1-0

[Event "Chigorin Memorial"]
[Site "St Petersburg RUS"]
[Date "2013.10.05"]
[Round "1.75"]
[White "Gadzhiev, Farid"]
[Black "Usmanov, Vasily"]
[Result "0-1"]
[WhiteElo "1887"]
[BlackElo "2366"]
[WhiteFideId "24194450"]
[BlackFideId "4135741"]
[EventDate "2013.10.05"]

1. e4 c5 2. d4 cxd4 3. c3 d3 4. Bxd3 d6 5. Nf3 Nc6 6. Bc4 Nf6 7. e5 dxe5 8.
Qxd8+ Nxd8 9. Nxe5 Nd7 10. Nxd7 Bxd7 11. O-O Nc6 12. Bf4 e5 13. Bg3 f6 14. f4
Bc5+ 15. Kh1 O-O-O 16. Nd2 Be3 17. Ne4 exf4 18. Bxf4 Bxf4 19. Rxf4 Kc7 20. Nc5
Rhe8 21. Bb5 a6 22. Nxd7 axb5 23. Nc5 Rd2 24. Rg4 g6 25. Re4 Ra8 26. Ne6+ Kb6
27. h3 Rxb2 28. a4 f5 29. Rh4 h5 30. g4 fxg4 31. hxg4 bxa4 32. gxh5 a3 33. Rg4
gxh5 34. Rg2 h4 35. Kh2 Ne5 36. Nf4 Rxg2+ 37. Kxg2 Kc5 38. Ne2 Kc4 39. Kf2 h3
40. Kg3 Kb3 41. Rb1+ Kc2 42. Rxb7 a2 43. Nd4+ Kxc3 44. Nb3 Rh8 0-1

[Event "Chigorin Memorial"]
[Site "St Petersburg RUS"]
[Date "2013.10.05"]
[Round "1.76"]
[White "Romanko, Marina"]
[Black "Nuritdinov, Nizomiddin"]
[Result "1-0"]
[WhiteTitle "IM"]
[WhiteElo "2359"]
[BlackElo "1882"]
[WhiteFideId "4149351"]
[BlackFideId "14203820"]
[EventDate "2013.10.05"]

1. d4 d5 2. c4 e6 3. Nc3 Nf6 4. cxd5 exd5 5. Bg5 Be7 6. e3 c6 7. Bd3 h6 8. Bh4
O-O 9. Qc2 Re8 10. Nge2 a5 11. O-O Na6 12. a3 b5 13. h3 Qb6 14. Bg3 Bd7 15. Nf4
Qb7 16. Qe2 Nc7 17. Nh5 Nxh5 18. Qxh5 Ne6 19. Rfc1 Rec8 20. Qd1 Be8 21. Bf5 Bd7
22. Be5 Ng5 23. Bxd7 Qxd7 24. Rc2 f6 25. Bf4 Bd6 26. Bxg5 fxg5 27. a4 b4 28. Ne2
g4 29. hxg4 Qxg4 30. Rac1 Qh4 31. g3 Qe7 32. Rxc6 Rf8 33. Qf1 Rad8 34. Qg2 Kh8
35. b3 Kh7 36. Qh3 Qe4 37. Nf4 g5 38. Nd3 Qe7 39. Ne5 Bxe5 40. Qxh6+ Kg8 41.
dxe5 Rf7 42. Rg6+ Rg7 43. Rcc6 Rd7 44. Rc8+ 1-0

[Event "Chigorin Memorial"]
[Site "St Petersburg RUS"]
[Date "2013.10.05"]
[Round "1.77"]
[White "Dyakov, Vladislav"]
[Black "Demianjuk, Alexander"]
[Result "0-1"]
[WhiteElo "1879"]
[BlackElo "2355"]
[WhiteFideId "24177261"]
[BlackFideId "4134249"]
[EventDate "2013.10.05"]

1. e4 c5 2. Nf3 Nc6 3. d4 cxd4 4. Nxd4 Qb6 5. Nb3 Nf6 6. Nc3 e6 7. Be3 Qc7 8.
Be2 Bb4 9. f3 d5 10. Nd2 Bxc3 11. bxc3 Qe5 12. O-O Qxc3 13. Bf2 O-O 14. Rb1 Rd8
15. Rb3 Qa5 16. Qc1 Qc7 17. Rd1 b6 18. Qb2 dxe4 19. Nxe4 Rxd1+ 20. Bxd1 Nxe4 21.
fxe4 Bb7 22. Rg3 e5 23. Be2 Rd8 24. Qc3 Qe7 25. Be3 Nd4 26. Bc4 Qc5 27. Kf1 Ba6
28. Ke1 Qxc4 0-1

[Event "Chigorin Memorial"]
[Site "St Petersburg RUS"]
[Date "2013.10.05"]
[Round "1.79"]
[White "Klimentiev, Sergey"]
[Black "Shuraev, Andrei"]
[Result "1/2-1/2"]
[BlackTitle "IM"]
[WhiteElo "1877"]
[BlackElo "2351"]
[WhiteFideId "24155896"]
[BlackFideId "4115295"]
[EventDate "2013.10.05"]

1. e4 c5 2. Nf3 e6 3. d4 cxd4 4. Nxd4 Nf6 5. Nc3 Nc6 6. Ndb5 d6 7. Bf4 e5 8. Bg5
a6 9. Na3 b5 10. Nd5 Be7 11. Bxf6 Bxf6 12. c3 O-O 13. Nc2 Bg5 14. a4 bxa4 15.
Rxa4 a5 16. Bc4 Rb8 17. b3 Kh8 18. O-O f5 19. exf5 Bxf5 20. Nce3 Bg6 21. Re1 Qd7
22. h3 Bd8 23. Re2 e4 24. Ng4 Na7 25. Rd2 Nc8 26. Nge3 Qe8 27. b4 axb4 28. Rxb4
Ra8 29. Rdb2 Ra5 30. Rb8 Rc5 31. Qd4 Bf7 32. R2b5 Bxd5 33. Nxd5 Rxb5 34. Bxb5
Qe6 35. Bc4 Qf5 36. Ba6 Bg5 37. Rxc8 Rxc8 38. Bxc8 Qxc8 39. Qxe4 Qf8 40. c4 Bd8
41. Qf4 Qxf4 42. Nxf4 Kg8 43. Nd5 Kf7 44. f4 h5 45. Kf2 Ke6 46. g4 hxg4 47. hxg4
g6 48. Kf3 Bh4 49. Ke4 Bg3 50. f5+ gxf5+ 51. gxf5+ Kf7 52. Kf3 Be5 53. Kg4 Bb2
54. Kh5 Bc1 55. Kg4 Bb2 56. Nf4 Kg7 57. Kf3 Kf6 58. Ke4 Ba3 59. Nd5+ Kf7 60. Ne3
Kf6 61. Kd5 Bc5 62. Ke4 Bxe3 63. Kxe3 Kxf5 64. Kd4 Ke6 65. c5 dxc5+ 66. Kxc5 1/2-1/2

[Event "Chigorin Memorial"]
[Site "St Petersburg RUS"]
[Date "2013.10.05"]
[Round "1.80"]
[White "Tologontegin, Semetey"]
[Black "Klevets, Ksenia"]
[Result "1-0"]
[WhiteTitle "FM"]
[WhiteElo "2350"]
[BlackElo "1872"]
[WhiteFideId "13800574"]
[BlackFideId "24157937"]
[EventDate "2013.10.05"]

1. f4 d5 2. Nf3 Nf6 3. g3 b6 4. Bg2 Bb7 5. O-O e6 6. d4 Be7 7. Ne5 O-O 8. Be3
Nbd7 9. Kh1 c5 10. c3 Rc8 11. Nd2 Ne8 12. g4 f6 13. Nd3 Nd6 14. Bg1 Qc7 15. Qe1
Qb8 16. f5 e5 17. dxe5 fxe5 18. Qg3 Nf7 19. h4 Bd6 20. e4 c4 21. Nf2 d4 22. g5
Qc7 23. Bh2 dxc3 24. bxc3 Nc5 25. f6 g6 26. Nxc4 Nxe4 27. Nxe4 Qxc4 28. Rae1
Bxe4 29. Bxe4 Qxc3 30. Qxc3 Rxc3 31. Bd5 Rh3 32. Rd1 Rd8 33. Kg2 Re3 34. Bb3
Re2+ 35. Kh1 Kf8 36. Rd5 e4 37. Bxd6+ Rxd6 38. Rxd6 Nxd6 39. Rd1 Ne8 40. Rd7 1-0

[Event "Chigorin Memorial"]
[Site "St Petersburg RUS"]
[Date "2013.10.05"]
[Round "1.81"]
[White "Golubeva, Maria"]
[Black "Palachev, Petr"]
[Result "0-1"]
[BlackTitle "FM"]
[WhiteElo "1864"]
[BlackElo "2348"]
[WhiteFideId "24135542"]
[BlackFideId "24129003"]
[EventDate "2013.10.05"]

1. d4 Nf6 2. c4 g6 3. Nc3 Bg7 4. e4 d6 5. Be2 O-O 6. Bg5 c5 7. d5 b5 8. cxb5 a6
9. b6 Qxb6 10. Qc2 e6 11. Nf3 exd5 12. exd5 Bf5 13. Qd2 Ne4 14. Nxe4 Bxe4 15.
Rd1 Qxb2 16. O-O Re8 17. Bf4 Qxd2 18. Nxd2 Bxd5 19. Bf3 Bxf3 20. Nxf3 Nc6 21.
Rxd6 Nb4 22. a3 Nc2 23. Rc6 Rac8 24. Rxc8 Rxc8 25. a4 c4 26. Rc1 Nb4 27. Bd6 Bb2
28. Rb1 c3 29. Ne1 a5 30. Kf1 c2 0-1